| 000 | 03643cam a22003495a 4500 | ||
|---|---|---|---|
| 001 | L158327 | ||
| 008 | 081030s2014 xxk f v 000 0 eng d | ||
| 020 | _a9781783210268 | ||
| 035 | _a(Sirsi) u158327 | ||
| 041 | 0 | _aeng | |
| 050 | 0 | 4 | _a347.41067 $2 18 |
| 110 | 2 |
_aRoyal Institution of Chartered Surveyors _94900 |
|
| 245 | 0 | 0 |
_aSurveyors acting as expert witnesses _bRICS practice statement and guidance note _h[electronic resource] |
| 250 | _a4th ed. | ||
| 260 |
_aLondon _bRICS _c2014 |
||
| 300 | _a40 p. | ||
| 490 | 0 | _aRICS Practice Statement | |
| 490 | 0 | _aRICS Guidance Note | |
| 505 | 2 | _aSurveyors acting as expert witnesses: practice statement: RICS practice statements -- preamble -- Principal message -- application of practice statement -- duty in providing expert evidence -- acting as an expert witness and instructions -- inspections -- reports and oral evidence -- amending the contents of written reports -- agreeing facts and resolving differences -- Single Joint Expert (SJE) -- advocacy and expert witness roles -- conditional fees | |
| 505 | 2 | _aSurveyors acting as expert witnesses: guidance note: RICS guidance notes -- preamble -- application of guidance note and introduction -- general duties -- advice and disclosure -- duties to the tribunal -- instructions and inspections -- evidence of fact -- expert (opinion) evidence -- questions to expert witnesses and answers -- documents -- oral evidence -- advising advocates -- expert witnesses' written reports -- form and content of an expert witness's written report -- meetings between the expert witness and the client's team -- narrowing differences and meetings between experts -- Single Joint Expert (SJE) -- expert evidence, advocacy and a 'dual role' -- basis of charging fees -- conditional fees -- responsibility for expert witness's fees -- immunity of the expert witness | |
| 505 | 2 | _aAppendices: sample terms of engagement -- immunity of the expert witness - exemptions -- definitions -- Further reading and glossary of Acts, procedures and protocols | |
| 520 | _aThe practice statement sets out the mandatory duties of a surveyor in providing evidence, while the guidance note provides further information on good practice, including: the need for clear instructions and terms of engagement; fees; guidance on what to do in situations of conflict of interest; an outline of the written report format; clarification of the differences between the roles of expert witness and advocate; and the immunity of the expert witness. This practice statement is also published in the form of an accompanying client guide, a copy of which can be supplied by the expert witness to the prospective client. | ||
| 520 | _aSupersedes 3rd edition - L145697. Effective from 2nd July 2014. | ||
| 520 | _aThis document was amended in February 2023 to remove wording from PS10 and GN19 which could be read as prohibiting expert witnesses from taking instructions from solicitors who are engaged on a conditional fee, even if the expert is instructed on an unconditional fee basis. This was not the intention of RICS and has therefore been amended for clarity. | ||
| 521 | _aAdvanced | ||
| 590 | _aKA | ||
| 651 | 4 | _aUnited Kingdom | |
| 690 |
_aDispute resolution _96236 |
||
| 856 | 4 | 1 |
_uhttps://www.rics.org/content/dam/ricsglobal/documents/standards/Surveyors%20acting%20as%20expert%20witnesses_Feb2023amend.pdf _zView the Feb 2023 amended guidance free on RICS.org |
| 856 | 4 | 1 |
_uhttps://www.rics.org/content/dam/ricsglobal/documents/standards/Surveyors_Acting_As_Expert_Witnesses_Client_Guide.pdf _zView the guidance free on RICS.org |
| 942 |
_n0 _2ddc |
||
| 999 |
_c115266 _d115266 |
||